Obras

Uloženo v:
Podrobná bibliografie
Hlavní autor: Tolstoi, Leon Nikolaievich (Autor)
Médium: Kniha
Jazyk:španělština
Vydáno: Madrid Aguilar 1964
Vydání:3a. ed
Témata:
Tagy: Přidat tag
Žádné tagy, Buďte první, kdo vytvoří štítek k tomuto záznamu!

MARC

LEADER 00000cam a2200000 a 4500
001 UCE7131
003 CL-VaPUC
008 150529e19640000sp |||||||||||||||||spa|d
082 0 4 |a 891.703  |b TOL  |2 21 
100 0 |a Tolstoi, Leon Nikolaievich  |e author  |9 579848 
245 1 0 |a Obras 
250 |a 3a. ed 
300 |a t.2 
942 |c BK 
945 |d 20150529 15:00:00  |a dcastane 
260 |a Madrid  |b Aguilar  |c 1964 
650 0 |a Novelas rusas   |9 316330 
650 0 |a Literatura rusa  |9 318370 
583 |a last modification  |c 20150529 15:00:00  |k Rodrigo Vera 
999 |c 359254  |d 359252 
952 |0 0  |1 0  |3 erd  |4 0  |6 891_703000000000000_TOL_1964  |7 0  |8 A  |9 468397  |a BIBEDU  |b BIBEDU  |e Villagrán Garnham, Jorge  |h t.2  |i 5175852  |o 891.703 TOL 1964  |p 5175852  |r 2019-11-23  |w 2019-11-23  |y BK  |z Catalogado en:20150529  |k LIT